Χρηματοοικονομική λογιστική για τη λήψη αποφάσεων
Αποθηκεύτηκε σε:
| Κύριος συγγραφέας: | |
|---|---|
| Άλλοι συγγραφείς: | |
| Μορφή: | Βιβλίο |
| Γλώσσα: | Greek English |
| Δημοσίευση: |
Θεσσαλονίκη :
University Studio Press,
2010.
|
| Θέματα: | |
| Ετικέτες: |
Προσθήκη ετικέτας
Δεν υπάρχουν, Καταχωρήστε ετικέτα πρώτοι!
|
MARC
| LEADER | 00000cam a2200000 i 4500 | ||
|---|---|---|---|
| 001 | 1/28205 | ||
| 008 | 130408t2010 gr | ||| |||| ||gre|| | ||
| 020 | |a 9789601219028 (pbk.) | ||
| 035 | |l 10114153 | ||
| 040 | |a GR-MyUA |b gre |e AACR2 | ||
| 041 | 1 | |a gre |h eng | |
| 082 | 0 | |a 658.1511 |2 (22) | |
| 100 | 1 | |a Atrill, Peter. | |
| 245 | 1 | 0 | |a Χρηματοοικονομική λογιστική για τη λήψη αποφάσεων / |c Peter Atrill, Eddie McLaney ; μετάφραση Μαρίνα Μίχου ; επιμέλεια Ιορδάνης Φλωρόπουλος. |
| 260 | |a Θεσσαλονίκη : |b University Studio Press, |c 2010. | ||
| 300 | |a 566 σ. : |b σχέδια ; |c 28 εκ. | ||
| 500 | |a Τίτλος πρωτοτύπου: Financial accounting for decision makers. | ||
| 504 | |a Περιέχει βιβλιογραφικές παραπομπές και ευρετήριο. | ||
| 650 | 0 | 0 | |a Managerial accounting. |
| 650 | 0 | 0 | |a Decision making. |
| 700 | 1 | |a McLaney, E. J. | |
| 852 | |a INST |b CHIOS |e 20190619 |h 658.1511 ATR |p 005200038543 |q 005200038543 |t BK |y 0 | ||
| 852 | |a INST |b CHIOS |e 20181015 |h 658.1511 ATR |p 005200038644 |q 005200038644 |t BK |y 0 | ||
| 852 | |a INST |b CHIOS |e 20190227 |h 658.1511 ATR |p 005200039371 |q 005200039371 |t BK |y 0 | ||
| 852 | |a INST |b CHIOS |c EUDOXUS |e 20130524 |h 658.1511 ATR |p 005200035330 |q 005200035330 |t EDX |y 0 | ||
| 852 | |a INST |b CHIOS |c EUDOXUS |e 20130408 |h 658.1511 ATR |p 005200035489 |q 005200035489 |t EDX |y 0 | ||
| 901 | |a BIBL2-2013-1 | ||
| 901 | |a BIBL2-2013-2 | ||
| 909 | |a Χ |b 175406 | ||
| 909 | |a Χ |b 175571 | ||
| 920 | |a ΕΥΔΟΞΟΣ |b ΕΠΙΣΤΡΟΦΗ |y Χίος |z 2013-03 | ||
| 920 | |a ΕΥΔΟΞΟΣ |b ΠΑΡΑΓΓΕΛΙΑ |y Χίος-ΤΝΕΥ |z 2013-04 | ||
| 920 | |y Χίος |z 2019-02 | ||
| 920 | |y Χίος |a Κουλουμά |b Κων/να |z 2019-06 | ||
| 970 | |a ΣΠΕΝΤΖΑ |b ΕΛΕΝΗ |z 2013/04/08 | ||